[Event "Asia-ch U16 Girls"]
[Site "Ulaanbaatar"]
[Date "2016.04.08"]
[Round "4"]
[White "Uchral, Gankhuyag"]
[Black "Vaishali, Ramesh Babu"]
[Result "0-1"]
[WhiteElo "1643"]
[BlackElo "2345"]
[PlyCount "62"]
[EventDate "2016.04.06"]
[EventType "swiss"]
[EventRounds "9"]
[EventCountry "MGL"]
[SourceTitle "EXT 2017"]
[Source "ChessBase"]
[SourceDate "2016.10.25"]
[SourceVersion "1"]
[SourceVersionDate "2016.10.25"]
[SourceQuality "1"]

1. e4 e5 2. Nf3 Nc6 3. Bb5 a6 4. Ba4 d6 5. c3 Bd7 6. 0-0 g6 7. d4 Bg7 8. Re1 Nge7 9. Bc2 0-0 10. d5 Nb8 11. Bg5 h6 12. Bh4 g5 13. Bg3 Ng6 14. Nfd2 g4 15. f3 h5 16. Bf2 Bh6 17. fxg4 Bxg4 18. Nf3 Qf6 19. Nbd2 Nf4 20. Be3 Qg7 21. Kh1 Nd7 22. h3 Bxh3 23. Nh4 Bxg2+ 24. Kh2 Qg5 25. Bf2 Nf6 26. Bg3 Kh7 27. Nf5 Rg8 28. Nf3 Qg4 29. Re3 Qh3+ 30. Kg1 Qh1+ 31. Kf2 Ng4# 0-1